000 00706nam a22001817a 4500
003 OSt
005 20260318131743.0
008 260318b |||||||| |||| 00| 0 eng d
040 _c1
082 _aDPer 372.21 C437 January-December 2024 v. 100 n. 1-6
100 _aShuaibu, Hassana
_eauthor.
_969984
245 _aRadio :
_bAs a Tool for Alternative Education in Nigeria /
_cHassana Shuaibu
260 _aWashington, D.C., USA.
_bRoutledge Taylor & Francis Group
_cJuly-August 2024
300 _aVolume 100, pages 6-11 ;
_bIllustration ;
_c27 cm.
500 _aChildhood Education Innovations, volume 100, no. 3, pages 6-11 , May-June 2024.
700 _aShuaibu, Hassana
_eauthor.
_969984
942 _2ddc
_cPER
999 _c24419
_d24419